<?xml version="1.0" encoding="UTF-8"?>
<record
    xmlns:xsi="http://www.w3.org/2001/XMLSchema-instance"
    xsi:schemaLocation="http://www.loc.gov/MARC21/slim http://www.loc.gov/standards/marcxml/schema/MARC21slim.xsd"
    xmlns="http://www.loc.gov/MARC21/slim">

  <leader>01940nam0a2200361   4500</leader>
  <controlfield tag="001">RU\NLR\BIBL_A\022355195</controlfield>
  <controlfield tag="005">20260420015950.0</controlfield>
  <datafield tag="010" ind1=" " ind2=" ">
    <subfield code="a">978-5-98806-340-7</subfield>
    <subfield code="9">300</subfield>
  </datafield>
  <datafield tag="021" ind1=" " ind2=" ">
    <subfield code="a">RU</subfield>
    <subfield code="b">&#x41A;&#x41D;-&#x41F;-24-052357</subfield>
    <subfield code="9">&#x41A;&#x41D;-&#x41F;-24-5213</subfield>
  </datafield>
  <datafield tag="035" ind1=" " ind2=" ">
    <subfield code="a">(NLR Aleph) 022355195</subfield>
  </datafield>
  <datafield tag="090" ind1=" " ind2=" ">
    <subfield code="a">13667629</subfield>
    <subfield code="c">13667629</subfield>
  </datafield>
  <datafield tag="100" ind1=" " ind2=" ">
    <subfield code="a">20241017d2024    u  y0rusy50      ca</subfield>
  </datafield>
  <datafield tag="101" ind1="0" ind2=" ">
    <subfield code="a">rus</subfield>
  </datafield>
  <datafield tag="102" ind1=" " ind2=" ">
    <subfield code="a">RU</subfield>
  </datafield>
  <datafield tag="105" ind1=" " ind2=" ">
    <subfield code="a">ach z   000yd</subfield>
  </datafield>
  <datafield tag="181" ind1=" " ind2="0">
    <subfield code="a">i </subfield>
    <subfield code="b">xxxe  </subfield>
  </datafield>
  <datafield tag="182" ind1=" " ind2="0">
    <subfield code="a">n</subfield>
  </datafield>
  <datafield tag="200" ind1="1" ind2=" ">
    <subfield code="a">&#x416;&#x438;&#x43B;-&#x431;&#x44B;&#x43B; &#x43E;&#x434;&#x438;&#x43D; &#x434;&#x43E;&#x43C;, &#x433;&#x43E;&#x440;&#x43E;&#x434; &#x422;&#x430;&#x440;&#x430;, &#x443;&#x43B;&#x438;&#x446;&#x430; &#x41D;&#x435;&#x440;&#x43F;&#x438;&#x43D;&#x441;&#x43A;&#x430;&#x44F;, 48</subfield>
    <subfield code="e">[&#x43E; &#x434;&#x43E;&#x43C;&#x435; &#x442;&#x430;&#x440;&#x441;&#x43A;&#x43E;&#x433;&#x43E; &#x43A;&#x443;&#x43F;&#x446;&#x430; &#x418;. &#x424;. &#x41D;&#x435;&#x440;&#x43F;&#x438;&#x43D;&#x430;]</subfield>
    <subfield code="f">&#x421;. &#x410;. &#x410;&#x43B;&#x444;&#x435;&#x440;&#x43E;&#x432;, &#x412;. &#x41D;. &#x41D;&#x43E;&#x441;&#x43A;&#x43E;&#x432;&#x430;</subfield>
    <subfield code="g">&#x422;&#x430;&#x440;&#x441;&#x43A;&#x430;&#x44F; &#x446;&#x435;&#x43D;&#x442;&#x440;&#x430;&#x43B;&#x438;&#x437;&#x43E;&#x432;&#x430;&#x43D;&#x43D;&#x430;&#x44F; &#x431;&#x438;&#x431;&#x43B;&#x438;&#x43E;&#x442;&#x435;&#x447;&#x43D;&#x430;&#x44F; &#x441;&#x438;&#x441;&#x442;&#x435;&#x43C;&#x430; &#x438;&#x43C;&#x435;&#x43D;&#x438; &#x41B;. &#x41D;. &#x427;&#x430;&#x448;&#x435;&#x447;&#x43D;&#x438;&#x43A;&#x43E;&#x432;&#x430;, &#x418;&#x441;&#x442;&#x43E;&#x440;&#x438;&#x43A;&#x43E;-&#x43A;&#x440;&#x430;&#x435;&#x432;&#x435;&#x434;&#x447;&#x435;&#x441;&#x43A;&#x438;&#x439; &#x446;&#x435;&#x43D;&#x442;&#x440; "&#x422;&#x430;&#x440;&#x441;&#x43A;&#x438;&#x439; &#x443;&#x435;&#x437;&#x434;"</subfield>
  </datafield>
  <datafield tag="203" ind1=" " ind2=" ">
    <subfield code="a">&#x422;&#x435;&#x43A;&#x441;&#x442;</subfield>
    <subfield code="b">&#x432;&#x438;&#x437;&#x443;&#x430;&#x43B;&#x44C;&#x43D;&#x44B;&#x439;</subfield>
    <subfield code="c">&#x43D;&#x435;&#x43F;&#x43E;&#x441;&#x440;&#x435;&#x434;&#x441;&#x442;&#x432;&#x435;&#x43D;&#x43D;&#x44B;&#x439;</subfield>
  </datafield>
  <datafield tag="210" ind1=" " ind2=" ">
    <subfield code="a">&#x41E;&#x43C;&#x441;&#x43A;</subfield>
    <subfield code="c">&#x41D;&#x430;&#x443;&#x43A;&#x430;</subfield>
    <subfield code="d">2024</subfield>
  </datafield>
  <datafield tag="215" ind1=" " ind2=" ">
    <subfield code="a">237, [1] &#x441;., [12] &#x43B;. &#x438;&#x43B;., &#x43F;&#x43E;&#x440;&#x442;&#x440;., &#x444;&#x430;&#x43A;&#x441;.</subfield>
    <subfield code="d">21</subfield>
  </datafield>
  <datafield tag="320" ind1=" " ind2=" ">
    <subfield code="a">&#x411;&#x438;&#x431;&#x43B;&#x438;&#x43E;&#x433;&#x440;.: &#x441;. 219&#x2013;237, &#x432; &#x441;&#x441;&#x44B;&#x43B;&#x43A;&#x430;&#x445; &#x432; &#x43A;&#x43E;&#x43D;&#x446;&#x435; &#x440;&#x430;&#x437;&#x434;. &#x438; &#x432; &#x43F;&#x43E;&#x434;&#x441;&#x442;&#x440;&#x43E;&#x447;. &#x43F;&#x440;&#x438;&#x43C;&#x435;&#x447;.</subfield>
  </datafield>
  <datafield tag="320" ind1=" " ind2=" ">
    <subfield code="a">&#x414;&#x440;&#x443;&#x433;&#x430;&#x44F; &#x43A;&#x43D;. 2-&#x433;&#x43E; &#x430;&#x432;&#x442;., &#x41D;&#x43E;&#x441;&#x43A;&#x43E;&#x432;&#x43E;&#x439; &#x412;. &#x41D;., &#x432; &#x442;&#x435;&#x43A;&#x441;&#x442;&#x435; &#x43D;&#x430; &#x441;. 3</subfield>
  </datafield>
  <datafield tag="333" ind1=" " ind2=" ">
    <subfield code="a">12+</subfield>
  </datafield>
  <datafield tag="607" ind1=" " ind2=" ">
    <subfield code="a">&#x414;&#x43E;&#x43C; &#x418;. &#x424;. &#x41D;&#x435;&#x440;&#x43F;&#x438;&#x43D;&#x430; (&#x422;&#x430;&#x440;&#x430;, &#x433;&#x43E;&#x440;&#x43E;&#x434;; &#x41E;&#x43C;&#x441;&#x43A;&#x430;&#x44F; &#x43E;&#x431;&#x43B;&#x430;&#x441;&#x442;&#x44C;)</subfield>
    <subfield code="2">nlr_sh2</subfield>
    <subfield code="3">RU\NLR\AUTH\6601748215</subfield>
  </datafield>
  <datafield tag="686" ind1="1" ind2=" ">
    <subfield code="a">&#x429;113(2&#x420;=&#x420;&#x443;&#x441;)92&#x422;&#x430;&#x440;&#x430;7&#x414;&#x43E;&#x43C; &#x418;. &#x424;. &#x41D;&#x435;&#x440;&#x43F;&#x438;&#x43D;&#x430;</subfield>
  </datafield>
  <datafield tag="700" ind1=" " ind2="1">
    <subfield code="a">&#x410;&#x43B;&#x444;&#x435;&#x440;&#x43E;&#x432;</subfield>
    <subfield code="b">&#x421;. &#x410;.</subfield>
    <subfield code="g">&#x421;&#x435;&#x440;&#x433;&#x435;&#x439; &#x410;&#x43B;&#x435;&#x43A;&#x441;&#x430;&#x43D;&#x434;&#x440;&#x43E;&#x432;&#x438;&#x447;</subfield>
  </datafield>
  <datafield tag="701" ind1=" " ind2="1">
    <subfield code="a">&#x41D;&#x43E;&#x441;&#x43A;&#x43E;&#x432;&#x430;</subfield>
    <subfield code="b">&#x412;. &#x41D;.</subfield>
    <subfield code="g">&#x412;&#x435;&#x440;&#x430; &#x41D;&#x438;&#x43A;&#x43E;&#x43B;&#x430;&#x435;&#x432;&#x43D;&#x430;</subfield>
  </datafield>
  <datafield tag="702" ind1=" " ind2="1">
    <subfield code="a">&#x41D;&#x435;&#x440;&#x43F;&#x438;&#x43D;</subfield>
    <subfield code="b">&#x418;. &#x424;.</subfield>
    <subfield code="f">1759-1813</subfield>
    <subfield code="g">&#x418;&#x432;&#x430;&#x43D; &#x424;&#x451;&#x434;&#x43E;&#x440;&#x43E;&#x432;&#x438;&#x447;</subfield>
    <subfield code="4">570</subfield>
  </datafield>
  <datafield tag="942" ind1=" " ind2=" ">
    <subfield code="c">BOOK</subfield>
  </datafield>
  <datafield tag="980" ind1=" " ind2=" ">
    <subfield code="a">NB</subfield>
  </datafield>
</record>
